Microsoft Dynamics CRM 4.0 : (Record no. 28099)

MARC details
000 -LEADER
fixed length control field 00983nam a2200253 a 4500
005 - DATE AND TIME OF LATEST TRANSACTION
control field 20090708161936.0
008 - FIXED-LENGTH DATA ELEMENTS--GENERAL INFORMATION
fixed length control field 080207s2008 inua 001 0 eng
010 ## - LCCN (DPL NO)
LC control number ENG-94335
020 ## - INTERNATIONAL STANDARD BOOK NUMBER
International Standard Book Number 9788120336827
Terms of availability 450.00
035 ## - SYSTEM CONTROL NUMBER
System control number EN-77868
037 ## - SOURCE OF ACQUISITION
Source of stock number/acquisition DBAD / PUB
040 ## - CATALOGING SOURCE
Original cataloging agency dpl
Language of cataloging English
082 ## - DEWEY DECIMAL CLASSIFICATION NUMBER
Classification number 658.812028553
245 ## - TITLE STATEMENT
Title Microsoft Dynamics CRM 4.0 :
Remainder of title step by step /
Statement of responsibility, etc by Mike Snyder...[et al]
260 ## - PUBLICATION, DISTRIBUTION, ETC. (IMPRINT)
Place of publication, distribution, etc New Delhi
Name of publisher, distributor, etc PHI Learning
Date of publication, distribution, etc 2009
270 ## - ADDRESS
Address M-97 Connaught Circus
City New Delhi
Postal code 110001
300 ## - PHYSICAL DESCRIPTION
Extent xxx, 441p.
Dimensions 25cm(pbk)
500 ## - GENERAL NOTE
General note Includes glossary and index
650 ## - SUBJECT ADDED ENTRY--TOPICAL TERM
Topical term or geographic name as entry element Customer relations
General subdivision Management
-- Computer programs.
650 ## - SUBJECT ADDED ENTRY--TOPICAL TERM
Topical term or geographic name as entry element Management information systems.
700 ## - ADDED ENTRY--PERSONAL NAME
Personal name Snyder, Mike
942 ## - ADDED ENTRY ELEMENTS (KOHA)
Source of classification or shelving scheme Dewey Decimal Classification
Item type English Books
Classification part 658.812028553
Call number suffix MIC
Holdings
Withdrawn status Lost status Source of classification or shelving scheme Damaged status Not for loan Collection code Home library Current library Date acquired Source of acquisition Cost, normal purchase price Total Checkouts Full call number Barcode Date last seen Copy number Cost, replacement price Koha item type
    Dewey Decimal Classification   Not For Loan Non-fiction D.B.Act.Division D.B.Act.Division 08/07/2009 DBAD / PUB 450.00   658.812028553 MIC EN-77868 08/07/2009 1 450.00 English Books

© Delhi Public Library
Hit Counter
free hit counter